000 01178naa a22002897a 4500
001 BR9401457
003 BR-BrBNA
005 20250721155454.0
007 ta
008 250630b bl.|||m| |||| 00| 0 por d
040 _aBR-BrBNA
_bpor
_cBiblioteca Nacional de Agricultura
041 _a(Pt)
072 _aF30
_b3240
090 _aF30 BR9401457
100 1 _aFrota, P.C.E.
100 1 _aLima, P.C.F.
100 1 _aPessoa, P.F.A. de P.
111 1 _a6. Seminario de Pesquisa Agropecuaria do Piaui
_cTeresina, PI (Brazil)
_d09-11 Oct 1990
245 1 _aComportamento de especies de eucalyptus na regiao do "Carrasco" da Ibiapaba em condicoes de riscos
500 _a6. Seminario de Pesquisa Agropecuaria do Piaui. Anais Teresina, PI (Brasil): 1992. p. 255-261 [12 ref.; Summary (Pt)] (BR9401457-AMS)
773 0 _t6. Seminario de Pesquisa Agropecuaria do Piaui. Anais
_wF30 BR9401457
_gTeresina, PI (Brasil), 1992. p. 255-261
650 _aEucalipto
650 _aComportamento de Variedade
490 _aDocumentos - Unidade de Execucao de Pesquisa de Ambito Estadual de Teresina (Brazil)
_vno. 11
942 _cAMS
_2AGRIS
909 _a202506
_bLúcia
_c55
_dLúcia Elande
999 _c336689
_d336689